Nevesta hôľ ako stretnutie živlov

Bibliographic Details
Main Author: Šmatláková, Jana (Author)
Format: Article
Language:Slovak
Subjects:

MARC

LEADER 00000nab a2200000 a 4500
001 vtls009515824
003 SK-MaSNL
005 20260303194441.0
008 090522c19861002xo | |||| | 0| slo
015 |a SNBRB19rr/mm-uuuuu 
040 |a SNKBUCL  |b slo  |c SNKBUCL  |e AACR2 
041 0 |a slo 
044 |a xo  |c SK 
080 |a 792.2  |2 1981 
100 1 |a Šmatláková, Jana  |4 aut  |9 952463 
245 1 0 |a Nevesta hôľ ako stretnutie živlov  |c Jana Šmatláková 
500 |a Réžia Roman Polák 
600 1 7 |a Švantner, František,  |d 1912-1950  |t Nevesta hôľ  |2 snkbucl  |9 116307 
600 1 7 |a Polák, Roman,  |d 1957-  |t Nevesta hôľ  |2 snkbucl  |9 1226587 
610 2 7 |a Divadlo Slovenského národného povstania  |2 snkbucl  |9 232430 
650 0 7 |a činohry  |2 snkbucl  |9 3325 
650 0 7 |a divadelné inscenácie  |2 snkbucl  |9 3326 
655 7 |a recenzie  |2 snkbucl  |9 21907 
655 7 |a články z novín a časopisov  |2 snkbucl  |9 267496 
773 0 |t Pravda  |g Roč. 67, (2.10.1986), s. 5 
850 |a Slovenská národná knižnica v Martine  |a MTA001 
852 |a SNK  |b KIS3GCP 
999 |c 2157574  |d 2159504